000 00376 a2200169 4500
001 71805
020 _a8528101193
040 _cAnchieta - Colégio São Paulo
100 _aMachado, Ana Maria
240 1 0 _aMico Maneco
_lpor
245 1 0 _aMico Maneco
300 _a[22p.]
362 0 _a1988
440 1 _aSalamandra
650 4 _aLiteratura infanto-juvenil
942 _cBK
999 _c71805
_d71805